Celková cena práce ako kľúčový faktor podnikania
Porovnanie daňovo-odvodového zaťaženia vo vybraných ekonomikách v porovnaní so Slovenskom z pohľadu slovenských zamestnávateľov. Popis legislatívy a situácie na Slovensku.
Guardado en:
| Autor principal: | |
|---|---|
| Formato: | Capítulo de libro |
| Lenguaje: | eslovaco |
| Materias: | |
| Etiquetas: |
Sin Etiquetas, Sea el primero en etiquetar este registro!
|
MARC
| LEADER | 00000naa$a2200000$$$4500 | ||
|---|---|---|---|
| 001 | 0290156 | ||
| 005 | 20240502083936.9 | ||
| 041 | 0 | |a slo | |
| 044 | |a AT | ||
| 245 | 1 | 0 | |a Celková cena práce ako kľúčový faktor podnikania |c Ľuboš Pavelka |
| 520 | |a Porovnanie daňovo-odvodového zaťaženia vo vybraných ekonomikách v porovnaní so Slovenskom z pohľadu slovenských zamestnávateľov. Popis legislatívy a situácie na Slovensku. | ||
| 610 | 2 | 0 | |a cena práce |
| 610 | 2 | 0 | |a dane |
| 610 | 2 | 0 | |a benefity |
| 610 | 2 | 0 | |a odvody |
| 610 | 2 | 0 | |a príjmy pracovné |
| 100 | 1 | |a Pavelka, Ľuboš, 1962- | |